000 00697nam a2200205 a 4500
999 _c3702
_d3702
001 3702
003 BD-JhCC
005 20171116182428.0
008 171116s1992 b ||||| |||| 00| 0 ben d
035 _a(BD-JhCC)
040 _aBD-JhCC
_dBD-JhCC
041 _aben
082 _a891.4415
_bBAN 1992
100 _aবন্দ্যোপাধ্যায়, দেবীপ্রসাদ
245 _aবাংলা আধুনিক কবিতা /
_cদেবীপ্রসাদ বন্দ্যোপাধ্যায়
260 _aঢাকা :
_bসাহিত্যম্,
_c১৯৯২
300 _a215 p. :
_c22cm.
650 _aModern Poetry Bengali
942 _2ddc
_cBK